[Event "Xtracon Skakligaen"]
[Site "Denmark"]
[Date "2015.11.01"]
[Round "2.5"]
[White "Hansen, Curt"]
[Black "Pedersen, Steffen"]
[Result "1-0"]
[WhiteElo "2611"]
[BlackElo "2406"]
[PlyCount "85"]
[EventDate "2015.10.31"]
[EventType "team-tourn"]
[EventRounds "9"]
[EventCountry "DEN"]
[WhiteTeam "Philidor"]
[BlackTeam "Skanderborg"]
[WhiteTeamCountry "DEN"]
[BlackTeamCountry "DEN"]

1. c4 e6 2. Nc3 d5 3. d4 Nf6 4. Bg5 Be7 5. e3 h6 6. Bh4 O-O 7. Nf3 b6 8. Qb3
Bb7 9. Bxf6 Bxf6 10. cxd5 exd5 11. Be2 Re8 12. O-O c6 13. Rad1 g6 14. Rfe1 Nd7
15. Bf1 Nf8 16. g3 Ne6 17. Bg2 Rb8 18. h4 h5 19. a3 a5 20. e4 Ba8 21. exd5 cxd5
22. Bh3 Nc7 23. Ne5 Qd6 24. f4 b5 25. Ne4 Qd8 26. Nxf6+ Qxf6 27. Qc3 Qd6 28.
Qxa5 b4 29. a4 Ne6 30. Bf1 Bb7 31. Qb5 Rec8 32. Qd7 Qf8 33. Nxg6 Qg7 34. Ne7+
Kh8 35. Nf5 Qg6 36. Re5 Rd8 37. Qb5 Nxf4 38. Rde1 Bc6 39. Qc5 Bxa4 40. Qc1 f6
41. Qxf4 fxe5 42. Qxe5+ Kh7 43. Ne7 1-0

[Event "Xtracon Skakligaen"]
[Site "Denmark"]
[Date "2015.11.01"]
[Round "2.6"]
[White "Hansen, Mads"]
[Black "Ziska, Helgi Dam"]
[Result "0-1"]
[WhiteElo "2310"]
[BlackElo "2523"]
[PlyCount "54"]
[EventDate "2015.10.31"]
[EventType "team-tourn"]
[EventRounds "9"]
[EventCountry "DEN"]
[WhiteTeam "Skanderborg"]
[BlackTeam "Philidor"]
[WhiteTeamCountry "DEN"]
[BlackTeamCountry "DEN"]

1. e4 c5 2. Nf3 d6 3. d4 cxd4 4. Nxd4 Nf6 5. Nc3 a6 6. Bg5 Nbd7 7. Qe2 e5 8.
Nf5 h6 9. Bh4 g6 10. Ne3 Be7 11. O-O-O b5 12. f3 Bb7 13. a3 Rc8 14. Qd2 Qb6 15.
Bf2 Qc7 16. h4 h5 17. Kb1 Rb8 18. g3 Nb6 19. Bxb5+ axb5 20. Nxb5 Qc6 21. Nxd6+
Kf8 22. c4 Ba6 23. Ka1 Bxc4 24. Ndxc4 Nxc4 25. Qc3 Rxb2 26. Bg1 Qa4 27. Nxc4
Rc2 0-1

[Event "Xtracon Skakligaen"]
[Site "Denmark"]
[Date "2015.11.01"]
[Round "2.7"]
[White "Mikkelsen, Nikolaj"]
[Black "Andersen, Jackie"]
[Result "1/2-1/2"]
[WhiteElo "2462"]
[BlackElo "2343"]
[PlyCount "88"]
[EventDate "2015.10.31"]
[EventType "team-tourn"]
[EventRounds "9"]
[EventCountry "DEN"]
[WhiteTeam "Philidor"]
[BlackTeam "Skanderborg"]
[WhiteTeamCountry "DEN"]
[BlackTeamCountry "DEN"]

1. e4 c5 2. Nf3 d6 3. Bb5+ Nd7 4. O-O Ngf6 5. Re1 a6 6. Bd3 Ne5 7. Nxe5 dxe5 8.
a4 b6 9. Bc4 e6 10. d3 Be7 11. Nd2 O-O 12. Nf3 Qc7 13. Qe2 Bd7 14. Bg5 b5 15.
Bb3 Rfc8 16. Nd2 h6 17. Bh4 Bc6 18. Red1 Nxe4 19. Bxe7 Nxd2 20. Rxd2 Qxe7 21.
Qxe5 c4 22. Ba2 Rd8 23. Rad1 Qb4 24. axb5 Qxb5 25. Qxb5 axb5 26. Bb1 Ra1 27. c3
Be4 28. f3 Bg6 29. Kf2 Rd5 30. dxc4 bxc4 31. Rxd5 exd5 32. Bc2 Ra2 33. Bxg6
Rxb2+ 34. Ke3 fxg6 35. Rxd5 Rxg2 36. Rd2 Rg5 37. Kf2 Rh5 38. Kg3 Rc5 39. Rd4
Kf7 40. Rd7+ Kf6 41. Rd6+ Kf5 42. Rd7 Kf6 43. Rd6+ Kf5 44. Rd7 Kf6 1/2-1/2

[Event "Xtracon Skakligaen"]
[Site "Denmark"]
[Date "2015.11.01"]
[Round "2.8"]
[White "Nilssen, John Arni"]
[Black "Bekker Jensen, Simon"]
[Result "0-1"]
[WhiteElo "2274"]
[BlackElo "2438"]
[PlyCount "72"]
[EventDate "2015.10.31"]
[EventType "team-tourn"]
[EventRounds "9"]
[EventCountry "DEN"]
[WhiteTeam "Skanderborg"]
[BlackTeam "Philidor"]
[WhiteTeamCountry "DEN"]
[BlackTeamCountry "DEN"]

1. d4 Nf6 2. c4 e6 3. Nc3 Bb4 4. g3 O-O 5. Bg2 d5 6. Nf3 dxc4 7. O-O Nc6 8. e3
Rb8 9. Qe2 b5 10. Rd1 a6 11. e4 Bb7 12. Bf4 Na5 13. Ne1 Re8 14. g4 Bf8 15. g5
Nd7 16. Qg4 b4 17. Ne2 Bd6 18. Nc2 f5 19. gxf6 Nxf6 20. Qg5 Bxe4 21. Ne3 Bxg2
22. Qxg2 Bxf4 23. Nxf4 Qd6 24. Ne2 Nd5 25. Ng4 Rf8 26. Ne5 Nf4 27. Qg4 h5 28.
Qf3 Qd5 29. Qxd5 Nxe2+ 30. Kf1 exd5 31. Kxe2 Rbe8 32. Ke3 c5 33. f4 g5 34. dxc5
Rxf4 35. Rxd5 Nc6 36. Rg1 Rf5 0-1

[Event "Xtracon Skakligaen"]
[Site "Denmark"]
[Date "2015.11.01"]
[Round "2.1"]
[White "Jahncke, Giso"]
[Black "Hector, Jonny"]
[Result "0-1"]
[WhiteElo "2285"]
[BlackElo "2493"]
[PlyCount "32"]
[EventDate "2015.10.31"]
[EventType "team-tourn"]
[EventRounds "9"]
[EventCountry "DEN"]
[WhiteTeam "Bov"]
[BlackTeam "Nordkalotten"]
[WhiteTeamCountry "DEN"]
[BlackTeamCountry "DEN"]

1. Nf3 d5 2. d4 Nf6 3. c4 c6 4. Nc3 dxc4 5. a4 Bf5 6. e3 e6 7. Bxc4 Bb4 8. O-O
Nbd7 9. Nh4 Bg4 10. f3 Bh5 11. g4 Bg6 12. Qb3 Bd6 13. e4 Nxg4 14. Nxg6 hxg6 15.
e5 Qh4 16. Bf4 Ngxe5 0-1

[Event "Xtracon Skakligaen"]
[Site "Denmark"]
[Date "2015.11.01"]
[Round "2.2"]
[White "Ahlander, Bjorn"]
[Black "Schwarz, Frank"]
[Result "1-0"]
[WhiteElo "2378"]
[BlackElo "2258"]
[PlyCount "75"]
[EventDate "2015.10.31"]
[EventType "team-tourn"]
[EventRounds "9"]
[EventCountry "DEN"]
[WhiteTeam "Nordkalotten"]
[BlackTeam "Bov"]
[WhiteTeamCountry "DEN"]
[BlackTeamCountry "DEN"]

1. d4 Nf6 2. c4 e6 3. Nf3 b6 4. g3 Bb4+ 5. Nbd2 Bb7 6. Bg2 O-O 7. O-O d5 8.
cxd5 exd5 9. Ne5 Qe7 10. Ndf3 Ne4 11. Qc2 f6 12. Nd3 Bd6 13. Bf4 Nd7 14. Rfd1
Rfe8 15. Rac1 c6 16. Nh4 g6 17. Re1 Nf8 18. Bxd6 Nxd6 19. e3 Qd7 20. Nf3 Re7
21. h4 Ne4 22. Nf4 Rae8 23. Nd2 Nxd2 24. Qxd2 Qd6 25. a3 Ne6 26. Nd3 Ng7 27.
Qb4 Qd7 28. Nf4 Rd8 29. Bh3 Qd6 30. Rc3 Ne8 31. Qa4 Ra8 32. Rec1 f5 33. Bg2 Kg7
34. Rxc6 Bxc6 35. Rxc6 Qd7 36. Nxd5 Rf7 37. Nxb6 Qd8 38. Nxa8 1-0

[Event "Xtracon Skakligaen"]
[Site "Denmark"]
[Date "2015.11.01"]
[Round "2.3"]
[White "Reinecker, Kai"]
[Black "Sylvan, Jacob"]
[Result "1/2-1/2"]
[WhiteElo "2246"]
[BlackElo "2340"]
[PlyCount "37"]
[EventDate "2015.10.31"]
[EventType "team-tourn"]
[EventRounds "9"]
[EventCountry "DEN"]
[WhiteTeam "Bov"]
[BlackTeam "Nordkalotten"]
[WhiteTeamCountry "DEN"]
[BlackTeamCountry "DEN"]

1. e4 c5 2. c3 d5 3. exd5 Qxd5 4. d4 Nf6 5. Nf3 Bg4 6. Be2 e6 7. h3 Bh5 8. O-O
Nc6 9. Be3 cxd4 10. cxd4 Be7 11. Nc3 Qa5 12. g4 Bg6 13. Ne5 O-O 14. Nxg6 hxg6
15. Qb3 Qb4 16. Qxb4 Nxb4 17. Bf3 Nfd5 18. Nxd5 Nxd5 19. Rac1 1/2-1/2

[Event "Xtracon Skakligaen"]
[Site "Denmark"]
[Date "2015.11.01"]
[Round "2.4"]
[White "Kristensen, Kaare Hove"]
[Black "Kevorkov, Artur"]
[Result "1/2-1/2"]
[WhiteElo "2365"]
[BlackElo "2228"]
[PlyCount "113"]
[EventDate "2015.10.31"]
[EventType "team-tourn"]
[EventRounds "9"]
[EventCountry "DEN"]
[WhiteTeam "Nordkalotten"]
[BlackTeam "Bov"]
[WhiteTeamCountry "DEN"]
[BlackTeamCountry "DEN"]

1. e4 e6 2. d4 d5 3. Nc3 Nf6 4. Bg5 Be7 5. e5 Nfd7 6. Bxe7 Qxe7 7. f4 a6 8. Nf3
c5 9. Qd2 Nc6 10. dxc5 Nxc5 11. Bd3 g6 12. O-O-O Bd7 13. Ne2 Rc8 14. Kb1 Nxd3
15. cxd3 Qb4 16. Qxb4 Nxb4 17. Ned4 Ke7 18. a3 Nc6 19. Rc1 Nxd4 20. Nxd4 Rxc1+
21. Rxc1 Rc8 22. Rxc8 Bxc8 23. g4 Bd7 24. Kc2 Ba4+ 25. b3 Bd7 26. Kc3 Kd8 27.
Kb4 b6 28. g5 Ke7 29. a4 a5+ 30. Ka3 Kf8 31. b4 axb4+ 32. Kxb4 Kg7 33. Nb5 h5
34. Nc7 Bc6 35. Nb5 Kf8 36. Nd6 Bd7 37. a5 bxa5+ 38. Kxa5 Ke7 39. Kb6 Ba4 40.
Kc7 Bc2 41. d4 Bd3 42. Nc8+ Ke8 43. Kd6 Kd8 44. Nb6 Bb5 45. Na8 Bd3 46. Nc7 Bf5
47. h4 Bg4 48. Na6 Be2 49. Nc5 Bg4 50. Nd7 Bf5 51. Nf8 Bg4 52. Nh7 Bf5 53. Nf6
Bd3 54. Ng8 Be4 55. Ne7 Bd3 56. f5 Bxf5 57. Nc6+ 1/2-1/2

[Event "Xtracon Skakligaen"]
[Site "Denmark"]
[Date "2015.11.01"]
[Round "2.5"]
[White "Schutte, Andreas"]
[Black "Pedersen, Daniel V"]
[Result "1/2-1/2"]
[WhiteElo "2182"]
[BlackElo "2244"]
[PlyCount "29"]
[EventDate "2015.10.31"]
[EventType "team-tourn"]
[EventRounds "9"]
[EventCountry "DEN"]
[WhiteTeam "Bov"]
[BlackTeam "Nordkalotten"]
[WhiteTeamCountry "DEN"]
[BlackTeamCountry "DEN"]

1. f4 d5 2. Nf3 g6 3. g3 Bg7 4. Bg2 c6 5. O-O Qb6+ 6. d4 Nf6 7. c3 Ne4 8. Nbd2
Nd6 9. Re1 Nd7 10. e3 Nf6 11. Ne5 Bf5 12. c4 dxc4 13. Ndxc4 Nxc4 14. Nxc4 Qb5
15. Qe2 1/2-1/2

[Event "Xtracon Skakligaen"]
[Site "Denmark"]
[Date "2015.11.01"]
[Round "2.6"]
[White "Jakobsen, Peter"]
[Black "Klawitter, Harald"]
[Result "1-0"]
[WhiteElo "2225"]
[BlackElo "2120"]
[PlyCount "75"]
[EventDate "2015.10.31"]
[EventType "team-tourn"]
[EventRounds "9"]
[EventCountry "DEN"]
[WhiteTeam "Nordkalotten"]
[BlackTeam "Bov"]
[WhiteTeamCountry "DEN"]
[BlackTeamCountry "DEN"]

1. Nf3 Nf6 2. c4 g6 3. Nc3 Bg7 4. e4 d6 5. d4 O-O 6. Be2 Nbd7 7. O-O a6 8. Re1
c5 9. d5 h6 10. a4 b6 11. Bf4 Nh5 12. Be3 Kh7 13. h3 Qc7 14. Nd2 Nhf6 15. f4 e6
16. dxe6 fxe6 17. Bd3 Bb7 18. Nf3 Nh5 19. f5 exf5 20. exf5 Bxf3 21. Qxf3 Kh8
22. Qd1 Ne5 23. fxg6 Ng3 24. Qd2 Qd8 25. Bxh6 Qh4 26. Bxg7+ Kxg7 27. Ne4 Rf3
28. Bc2 Raf8 29. Qxd6 Nxg6 30. Nxg3 Rxg3 31. Re2 Nf4 32. Re7+ Kg8 33. Bh7+ Kh8
34. Qe5+ Qf6 35. Qxf6+ Rxf6 36. Be4 Nxh3+ 37. Kh2 Rg5 38. Rh7+ 1-0

[Event "Xtracon Skakligaen"]
[Site "Denmark"]
[Date "2015.11.01"]
[Round "2.7"]
[White "Wolter, Jens"]
[Black "Ejsing, Esben"]
[Result "1/2-1/2"]
[WhiteElo "2110"]
[BlackElo "2194"]
[PlyCount "54"]
[EventDate "2015.10.31"]
[EventType "team-tourn"]
[EventRounds "9"]
[EventCountry "DEN"]
[WhiteTeam "Bov"]
[BlackTeam "Nordkalotten"]
[WhiteTeamCountry "DEN"]
[BlackTeamCountry "DEN"]

1. e4 c5 2. Nf3 Nc6 3. Bb5 g6 4. Bxc6 dxc6 5. O-O Bg7 6. d3 Nf6 7. Nc3 O-O 8.
h3 Nd7 9. Be3 e5 10. Nh2 Qe7 11. f4 exf4 12. Bxf4 Ne5 13. Nf3 Nxf3+ 14. Qxf3
Be6 15. Rae1 c4 16. e5 cxd3 17. cxd3 Rad8 18. Ne4 Bd5 19. Qe3 h6 20. Bxh6 Qxe5
21. Nf6+ Bxf6 22. Qxe5 Bxe5 23. Rxe5 Rfe8 24. Rxe8+ Rxe8 25. a3 f5 26. Bd2 Re6
27. Re1 Kf7 1/2-1/2

[Event "Xtracon Skakligaen"]
[Site "Denmark"]
[Date "2015.11.01"]
[Round "2.8"]
[White "Hove, Esben Kjems"]
[Black "Kramer, Svend Erik"]
[Result "1-0"]
[WhiteElo "2218"]
[BlackElo "2048"]
[PlyCount "69"]
[EventDate "2015.10.31"]
[EventType "team-tourn"]
[EventRounds "9"]
[EventCountry "DEN"]
[WhiteTeam "Nordkalotten"]
[BlackTeam "Bov"]
[WhiteTeamCountry "DEN"]
[BlackTeamCountry "DEN"]

1. d4 e6 2. Nf3 f5 3. g3 Nf6 4. Bg2 Be7 5. O-O O-O 6. c4 d6 7. Nc3 Ne4 8. Nxe4
fxe4 9. Nd2 d5 10. f3 e3 11. Nb1 dxc4 12. Bxe3 Nc6 13. Bf2 Bf6 14. e3 Na5 15.
e4 e5 16. dxe5 Bxe5 17. Nc3 b6 18. f4 Bxc3 19. bxc3 Bb7 20. Qg4 Qe7 21. Rad1
Rad8 22. e5 Bxg2 23. Kxg2 c5 24. Qf3 Qb7 25. Qxb7 Nxb7 26. Kf3 Rd3+ 27. Rxd3
cxd3 28. Ke4 Rd8 29. f5 Na5 30. Rd1 c4 31. g4 Nb7 32. e6 Nd6+ 33. Ke5 Nb5 34.
Be1 Kf8 35. a4 1-0

[Event "Xtracon Skakligaen"]
[Site "Denmark"]
[Date "2015.11.01"]
[Round "2.1"]
[White "Ochsner, Bjorn Moller"]
[Black "Schandorff, Lars"]
[Result "1/2-1/2"]
[WhiteElo "2405"]
[BlackElo "2519"]
[PlyCount "137"]
[EventDate "2015.10.31"]
[EventType "team-tourn"]
[EventRounds "9"]
[EventCountry "DEN"]
[WhiteTeam "AarhusSkolerne"]
[BlackTeam "Hillerod"]
[WhiteTeamCountry "DEN"]
[BlackTeamCountry "DEN"]

1. e4 e5 2. Nf3 Nc6 3. Bb5 a6 4. Ba4 Nf6 5. O-O Be7 6. Re1 b5 7. Bb3 d6 8. c3
O-O 9. h3 Na5 10. Bc2 c5 11. d4 Nd7 12. Nbd2 exd4 13. cxd4 Nc6 14. d5 Nce5 15.
a4 Bb7 16. Nxe5 Nxe5 17. f4 Ng6 18. Nf3 Re8 19. Kh2 Bf6 20. Rb1 Nh4 21. Ng1 Ng6
22. Nf3 Nh4 23. Ng1 Ng6 24. g3 Qd7 25. Bd2 b4 26. Bd3 Bc8 27. Qc2 Bd4 28. Bf1
Bf2 29. Re2 Bxg1+ 30. Kxg1 a5 31. Rf2 b3 32. Qxb3 Rxe4 33. Re1 Rxe1 34. Bxe1
Ne7 35. g4 Bb7 36. Bc4 Ng6 37. Bc3 Qc7 38. Bd2 Bc8 39. Qg3 Ba6 40. Bxa6 Rxa6
41. Bc3 Qe7 42. g5 Qe4 43. Qg4 Ra8 44. f5 Qxg4+ 45. hxg4 Ne5 46. Bxe5 dxe5 47.
Rc2 Rc8 48. d6 f6 49. g6 hxg6 50. fxg6 Kf8 51. Rd2 Rd8 52. Rd5 Ke8 53. Kf1 Kd7
54. Rxc5 Kxd6 55. Rxa5 Rb8 56. Rb5 Rxb5 57. axb5 Kc5 58. Ke2 Kxb5 59. Kd3 Kb4
60. Ke4 Kb3 61. g5 fxg5 62. Kxe5 Kxb2 63. Kf5 Kc3 64. Kxg5 Kd4 65. Kf4 Kd5 66.
Kf3 Ke5 67. Kg3 Kf5 68. Kf3 Kxg6 69. Kg4 1/2-1/2

[Event "Xtracon Skakligaen"]
[Site "Denmark"]
[Date "2015.11.01"]
[Round "2.2"]
[White "Percivaldi, Martin"]
[Black "Hagen, Andreas Skytte"]
[Result "1/2-1/2"]
[WhiteElo "2246"]
[BlackElo "2396"]
[PlyCount "55"]
[EventDate "2015.10.31"]
[EventType "team-tourn"]
[EventRounds "9"]
[EventCountry "DEN"]
[WhiteTeam "Hillerod"]
[BlackTeam "AarhusSkolerne"]
[WhiteTeamCountry "DEN"]
[BlackTeamCountry "DEN"]

1. d4 Nf6 2. c4 e6 3. Nf3 d5 4. g3 Be7 5. Bg2 O-O 6. O-O dxc4 7. Qc2 a6 8. a4
Bd7 9. Rd1 Bc6 10. Nc3 Nd5 11. e4 Nxc3 12. bxc3 b6 13. Ne5 Bb7 14. d5 exd5 15.
exd5 Bd6 16. Nxc4 Nd7 17. Ne3 Re8 18. c4 Qf6 19. Bb2 Qg6 20. Nf5 Be5 21. Bxe5
Rxe5 22. Be4 Qh5 23. Nd4 Rae8 24. Bf3 Qh3 25. Bg2 Qh5 26. Bf3 Qh3 27. Bg2 Qh5
28. Bf3 1/2-1/2

[Event "Xtracon Skakligaen"]
[Site "Denmark"]
[Date "2015.11.01"]
[Round "2.3"]
[White "Skytte, Rasmus"]
[Black "Jaksland, Tim"]
[Result "1-0"]
[WhiteElo "2413"]
[BlackElo "2284"]
[PlyCount "101"]
[EventDate "2015.10.31"]
[EventType "team-tourn"]
[EventRounds "9"]
[EventCountry "DEN"]
[WhiteTeam "AarhusSkolerne"]
[BlackTeam "Hillerod"]
[WhiteTeamCountry "DEN"]
[BlackTeamCountry "DEN"]

1. e4 c5 2. Nf3 e6 3. d4 cxd4 4. Nxd4 Nc6 5. Nc3 Qc7 6. Be3 a6 7. Qd2 Nf6 8.
O-O-O Be7 9. f3 b5 10. Kb1 Bb7 11. Bf4 e5 12. Nf5 exf4 13. Nd5 Qb8 14. Nxg7+
Kf8 15. Nf5 Bd8 16. Nxf4 h5 17. g3 Qe5 18. Bh3 Ne7 19. Rhe1 Nxf5 20. Bxf5 Bc6
21. Nd3 Qc7 22. e5 Nd5 23. Nc5 Nb6 24. Qf4 Nd5 25. Qd4 Be7 26. Be4 Qa7 27. e6
Bf6 28. Nxd7+ Bxd7 29. Qxd5 Rd8 30. exd7 Kg7 31. Qf5 Qf2 32. Rf1 Qe2 33. h3
Rxd7 34. Rc1 Re7 35. g4 Qc4 36. c3 Re5 37. Qf4 h4 38. g5 Rxg5 39. Rg1 Qc5 40.
Rxg5+ Bxg5 41. Qg4 Qe3 42. Rg1 Kh6 43. a3 Rd8 44. Bc2 Rd2 45. Rh1 Re2 46. f4
Bxf4 47. Qxh4+ Kg7 48. Rd1 Qe5 49. Qh7+ Kf8 50. Rd8+ Ke7 51. Qg8 1-0

[Event "Xtracon Skakligaen"]
[Site "Denmark"]
[Date "2015.11.01"]
[Round "2.4"]
[White "Stojanovski, Sandi"]
[Black "Sorensen, Jan"]
[Result "1/2-1/2"]
[WhiteElo "2250"]
[BlackElo "2435"]
[PlyCount "69"]
[EventDate "2015.10.31"]
[EventType "team-tourn"]
[EventRounds "9"]
[EventCountry "DEN"]
[WhiteTeam "Hillerod"]
[BlackTeam "AarhusSkolerne"]
[WhiteTeamCountry "DEN"]
[BlackTeamCountry "DEN"]

1. Nf3 Nf6 2. c4 b6 3. e3 Bb7 4. Be2 g6 5. b3 Bg7 6. Bb2 O-O 7. O-O c5 8. d3
Nc6 9. a3 d6 10. Nc3 Rc8 11. Rc1 Re8 12. Rc2 e5 13. Nd5 Nxd5 14. cxd5 Nb8 15.
e4 Bh6 16. Nd2 f5 17. b4 Nd7 18. Nc4 Nf6 19. f3 cxb4 20. axb4 b5 21. Na5 Qb6+
22. Kh1 Rxc2 23. Qxc2 Rc8 24. Qd1 fxe4 25. fxe4 Rf8 26. Bc1 Bxc1 27. Qxc1 Bc8
28. Rxf6 Rxf6 29. Qxc8+ Kg7 30. Qc1 Rf2 31. Bf3 Qd4 32. Qe1 Rb2 33. h3 Qxb4 34.
Qh4 Qxa5 35. Qe7+ 1/2-1/2

[Event "Xtracon Skakligaen"]
[Site "Denmark"]
[Date "2015.11.01"]
[Round "2.5"]
[White "Christensen, Tobias Bent"]
[Black "Ostergaard, Jens"]
[Result "1/2-1/2"]
[WhiteElo "2349"]
[BlackElo "2254"]
[PlyCount "21"]
[EventDate "2015.10.31"]
[EventType "team-tourn"]
[EventRounds "9"]
[EventCountry "DEN"]
[WhiteTeam "AarhusSkolerne"]
[BlackTeam "Hillerod"]
[WhiteTeamCountry "DEN"]
[BlackTeamCountry "DEN"]

1. e4 c5 2. g3 Nc6 3. Bg2 g6 4. Ne2 Bg7 5. O-O d6 6. c4 Bd7 7. Nbc3 Qc8 8. Re1
Bh3 9. Bh1 e5 10. d3 h5 11. Nd5 1/2-1/2

[Event "Xtracon Skakligaen"]
[Site "Denmark"]
[Date "2015.11.01"]
[Round "2.6"]
[White "Nordenbaek, Jan"]
[Black "Vinther Schou, Uffe"]
[Result "0-1"]
[WhiteElo "2196"]
[BlackElo "2374"]
[PlyCount "64"]
[EventDate "2015.10.31"]
[EventType "team-tourn"]
[EventRounds "9"]
[EventCountry "DEN"]
[WhiteTeam "Hillerod"]
[BlackTeam "AarhusSkolerne"]
[WhiteTeamCountry "DEN"]
[BlackTeamCountry "DEN"]

1. e4 c5 2. Nf3 e6 3. Nc3 a6 4. d4 cxd4 5. Nxd4 b5 6. Bd3 Qb6 7. Nf3 Bc5 8. Qe2
Ne7 9. O-O d6 10. Bd2 Nbc6 11. a4 b4 12. Na2 e5 13. h3 O-O 14. b3 f5 15. Bc4+
Kh8 16. Ng5 h6 17. Qh5 Nd8 18. a5 Qb7 19. c3 fxe4 20. Be3 Bf5 21. Nf7+ Nxf7 22.
Bxf7 Kh7 23. Bxc5 dxc5 24. Bc4 Ng6 25. g3 Rf6 26. Rad1 Raf8 27. cxb4 cxb4 28.
Bd5 Qb5 29. h4 e3 30. fxe3 Bg4 31. Bc4 Bxh5 32. Bxb5 Bxd1 0-1

[Event "Xtracon Skakligaen"]
[Site "Denmark"]
[Date "2015.11.01"]
[Round "2.7"]
[White "Ochsner, Thomas"]
[Black "Andersen, Ib Hother"]
[Result "1-0"]
[WhiteElo "2326"]
[BlackElo "2142"]
[PlyCount "77"]
[EventDate "2015.10.31"]
[EventType "team-tourn"]
[EventRounds "9"]
[EventCountry "DEN"]
[WhiteTeam "AarhusSkolerne"]
[BlackTeam "Hillerod"]
[WhiteTeamCountry "DEN"]
[BlackTeamCountry "DEN"]

1. e4 e6 2. d4 d5 3. Nd2 Nc6 4. Ngf3 Nf6 5. e5 Nd7 6. Nb3 a5 7. a4 b6 8. Bb5
Ncb8 9. O-O Be7 10. Re1 Ba6 11. Nbd2 c6 12. Bxa6 Nxa6 13. Nf1 c5 14. Ng3 h5 15.
c4 h4 16. Ne2 Nb4 17. cxd5 Nxd5 18. Nc3 Nb8 19. Ne4 Na6 20. Bg5 Ra7 21. Nd6+
Kf8 22. Bxe7+ Nxe7 23. Ng5 Nf5 24. Ndxf7 Qe7 25. d5 Rg8 26. Qg4 g6 27. dxe6 Nc7
28. Rad1 Nxe6 29. Nxe6+ Kxf7 30. Nf4 Nd4 31. e6+ Ke8 32. Nd5 Qd8 33. Qe4 Qg5
34. e7 h3 35. g3 Rd7 36. Rxd4 cxd4 37. Nf6+ Qxf6 38. Qa8+ Kf7 39. e8=Q+ 1-0

[Event "Xtracon Skakligaen"]
[Site "Denmark"]
[Date "2015.11.01"]
[Round "2.8"]
[White "Nilsson, Lars Kjoller"]
[Black "Rendboe, John Filip"]
[Result "1/2-1/2"]
[WhiteElo "1978"]
[BlackElo "2181"]
[PlyCount "39"]
[EventDate "2015.10.31"]
[EventType "team-tourn"]
[EventRounds "9"]
[EventCountry "DEN"]
[WhiteTeam "Hillerod"]
[BlackTeam "AarhusSkolerne"]
[WhiteTeamCountry "DEN"]
[BlackTeamCountry "DEN"]

1. e4 c5 2. Nf3 Nc6 3. d4 cxd4 4. Nxd4 e5 5. Nb5 d6 6. N1c3 a6 7. Na3 Nf6 8.
Bg5 Be7 9. Bxf6 gxf6 10. Bd3 Rg8 11. Qh5 Rxg2 12. Bc4 Rg7 13. O-O-O Bg4 14. Qh6
Bf8 15. Nd5 Rg6 16. Qxh7 Rh6 17. Qg8 Rg6 18. Qh7 Rh6 19. Qg8 Rg6 20. Qh7
1/2-1/2

[Event "Xtracon Skakligaen"]
[Site "Denmark"]
[Date "2015.11.01"]
[Round "2.1"]
[White "Pedersen, Christian Kyndel"]
[Black "Hansen, Mads Smith"]
[Result "1-0"]
[WhiteElo "2418"]
[BlackElo "2356"]
[PlyCount "159"]
[EventDate "2015.10.31"]
[EventType "team-tourn"]
[EventRounds "9"]
[EventCountry "DEN"]
[WhiteTeam "Jetsmark"]
[BlackTeam "Obro"]
[WhiteTeamCountry "DEN"]
[BlackTeamCountry "DEN"]

1. d4 Nf6 2. c4 c5 3. d5 b5 4. cxb5 a6 5. b6 d6 6. Nc3 g6 7. e4 Bg7 8. Be2 O-O
9. Nf3 Nbd7 10. O-O Rb8 11. Nd2 Nxb6 12. a4 a5 13. Nb3 Bd7 14. Bd2 Ra8 15. Bf4
Ne8 16. Nd2 Nc7 17. Qc2 f5 18. Nc4 Nxc4 19. Bxc4 fxe4 20. Qxe4 Rb8 21. Bg5 Rf7
22. Qc2 Qf8 23. Rae1 Bd4 24. b3 Qg7 25. Ne4 Bf5 26. Qd2 Bxe4 27. Rxe4 Bc3 28.
Qe2 Re8 29. f3 Bf6 30. Bd2 Bc3 31. Bg5 Bf6 32. Bf4 Rd8 33. Bd2 Ra8 34. Qe1 Ne8
35. Bxa5 Bd4+ 36. Kh1 Nf6 37. Re2 Ng4 38. Bd2 Ne5 39. Bb5 g5 40. Qg3 h6 41. Re4
Rb8 42. b4 cxb4 43. Rxd4 Nxf3 44. Rf4 gxf4 45. Qxf3 Qd4 46. Bc1 Qc3 47. Qg4+
Qg7 48. Qe2 Qe5 49. Qc2 Qc3 50. Qxc3 bxc3 51. Rf3 Rf5 52. Rxc3 Kf8 53. Rd3 Rc8
54. Bc6 Rb8 55. Kg1 Rb1 56. Rd1 Kf7 57. Kf2 Ra1 58. Re1 Re5 59. Bd2 Ra2 60. Rd1
Re4 61. a5 Rd4 62. Ke2 e5 63. dxe6+ Kxe6 64. Bf3 d5 65. Ke1 Kd6 66. Bc3 Rxd1+
67. Kxd1 d4 68. Bxd4 Rxa5 69. Ke2 Ra3 70. Bg7 Re3+ 71. Kf2 Re6 72. h4 Rg6 73.
Bc3 Ke6 74. Be4 Rg3 75. Bd4 Rg4 76. h5 Rg5 77. Bg6 Ra5 78. Bg7 Ra8 79. Bxh6 Kf6
80. Bxf4 1-0

[Event "Xtracon Skakligaen"]
[Site "Denmark"]
[Date "2015.11.01"]
[Round "2.2"]
[White "Rasmussen, Casper Dahl"]
[Black "Jensen, Bjarke"]
[Result "0-1"]
[WhiteElo "2314"]
[BlackElo "2366"]
[PlyCount "106"]
[EventDate "2015.10.31"]
[EventType "team-tourn"]
[EventRounds "9"]
[EventCountry "DEN"]
[WhiteTeam "Obro"]
[BlackTeam "Jetsmark"]
[WhiteTeamCountry "DEN"]
[BlackTeamCountry "DEN"]

1. c4 e5 2. Nc3 Nc6 3. e3 Nf6 4. Nf3 d6 5. d4 g6 6. dxe5 Nxe5 7. Nxe5 dxe5 8.
Qxd8+ Kxd8 9. b3 Bb4 10. Bb2 c6 11. O-O-O+ Ke7 12. h3 h5 13. Bd3 Bf5 14. e4 Be6
15. f4 exf4 16. e5 Nd7 17. Ne4 Nc5 18. Nd6 Nxd3+ 19. Rxd3 Rab8 20. Bd4 Ba3+ 21.
Kd1 b6 22. Ke2 g5 23. Rb1 a5 24. Kf3 Rhg8 25. Rbd1 Bxd6 26. exd6+ Kd7 27. Rc3
c5 28. Bf6 g4+ 29. Kxf4 gxh3 30. gxh3 Rg2 31. a3 Rbg8 32. Rdd3 Ra2 33. a4 Rf2+
34. Rf3 Rgg2 35. Be7 Rxf3+ 36. Rxf3 Rh2 37. h4 Bg4 38. Re3 Rf2+ 39. Kg3 Re2 40.
Rc3 Rb2 41. Rd3 Rb1 42. Bf8 Rh1 43. Kg2 Rxh4 44. Re3 Be6 45. Re5 Rg4+ 46. Kh2
h4 47. Rh5 h3 48. Be7 Rg2+ 49. Kh1 Bg4 50. Rh8 Bf3 51. Rxh3 Rg3+ 52. Kh2 Rxh3+
53. Kxh3 Bd1 0-1

[Event "Xtracon Skakligaen"]
[Site "Denmark"]
[Date "2015.11.01"]
[Round "2.3"]
[White "Wiwe, Andreas"]
[Black "Jorgensen, Dennis"]
[Result "1/2-1/2"]
[WhiteElo "2276"]
[BlackElo "2237"]
[PlyCount "155"]
[EventDate "2015.10.31"]
[EventType "team-tourn"]
[EventRounds "9"]
[EventCountry "DEN"]
[WhiteTeam "Jetsmark"]
[BlackTeam "Obro"]
[WhiteTeamCountry "DEN"]
[BlackTeamCountry "DEN"]

1. e4 c6 2. d4 d5 3. Nc3 dxe4 4. Nxe4 Bf5 5. Ng3 Bg6 6. h4 h6 7. Nf3 Nd7 8. h5
Bh7 9. Bd3 Bxd3 10. Qxd3 e6 11. Bd2 Ngf6 12. O-O-O Bd6 13. Ne4 Nxe4 14. Qxe4
Bc7 15. Qe2 Qe7 16. Kb1 O-O-O 17. c4 Rhe8 18. Bc3 Qf8 19. Ne5 Nxe5 20. dxe5
Rxd1+ 21. Rxd1 Rd8 22. Kc2 Rxd1 23. Qxd1 Qc5 24. Qd4 Qxd4 25. Bxd4 b6 26. Kd3
Kd7 27. Ke4 Ke7 28. g4 Bd8 29. a4 c5 30. Be3 a5 31. g5 hxg5 32. Bxg5+ f6 33. h6
gxh6 34. exf6+ Kf7 35. Bxh6 Bxf6 36. Bf4 Bd8 37. b3 Ke8 38. Be5 Kd7 39. Kf4 Bh4
40. f3 Bd8 41. Kg4 Be7 42. Kh5 Bd8 43. Kg6 Bh4 44. Kf7 Bg5 45. Bg3 Bd8 46. f4
Bc7 47. Bh2 Bd6 48. Kf6 Be7+ 49. Kg6 Bd6 50. Bg3 Bc7 51. Kg5 Bd8+ 52. Kg4 Bc7
53. Bh4 Ke8 54. Kf3 Kd7 55. Ke4 Bb8 56. Bf6 Bd6 57. Bc3 Ke7 58. f5 exf5+ 59.
Kxf5 Kd7 60. Bf6 Bc7 61. Bh4 Bd6 62. Ke4 Kc6 63. Bd8 Bc7 64. Bg5 Bd6 65. Kf5
Kd7 66. Bf6 Bc7 67. Bb2 Bd6 68. Ke4 Kc6 69. Bc1 Bc7 70. Bg5 Bd6 71. Bd8 Bc7 72.
Bxc7 Kxc7 73. Ke5 Kd7 74. Kd5 Kc7 75. Ke6 Kc6 76. Ke7 Kc7 77. Ke8 Kc8 78. Ke7
1/2-1/2